<?xml version="1.0" encoding="UTF-8"?>
<record
    xmlns:xsi="http://www.w3.org/2001/XMLSchema-instance"
    xsi:schemaLocation="http://www.loc.gov/MARC21/slim http://www.loc.gov/standards/marcxml/schema/MARC21slim.xsd"
    xmlns="http://www.loc.gov/MARC21/slim">

  <leader>01288nam a22002537a 4500</leader>
  <controlfield tag="005">20251001121429.0</controlfield>
  <controlfield tag="008">131008t        mx||||| |||| 00| 0 spa d</controlfield>
  <datafield tag="020" ind1=" " ind2=" ">
    <subfield code="a">9687230568</subfield>
  </datafield>
  <datafield tag="050" ind1="0" ind2="4">
    <subfield code="a">F1306 .9 .T37</subfield>
    <subfield code="a">HD1761 </subfield>
    <subfield code="b">S25 1989</subfield>
  </datafield>
  <datafield tag="100" ind1="1" ind2=" ">
    <subfield code="a">Salmero Castro, Fernando I.</subfield>
  </datafield>
  <datafield tag="245" ind1="1" ind2="4">
    <subfield code="a">Los limites del agrarismo </subfield>
    <subfield code="b"> : proceso pol&#xED;tico y estructuras de poder en Taretan, Michoac&#xE1;n </subfield>
    <subfield code="c">/ Fernando I. Salmer&#xF3;n Castro </subfield>
  </datafield>
  <datafield tag="250" ind1=" " ind2=" ">
    <subfield code="a">1a ed.</subfield>
  </datafield>
  <datafield tag="260" ind1=" " ind2=" ">
    <subfield code="a">Zamora, M&#xE9;xico : </subfield>
    <subfield code="b">El Colegio de Michoac&#xE1;n :</subfield>
    <subfield code="b">Gobierno del Estado de Michoac&#xE1;n,</subfield>
    <subfield code="c">1989. </subfield>
  </datafield>
  <datafield tag="300" ind1=" " ind2=" ">
    <subfield code="a">296 p. ;</subfield>
    <subfield code="c">21 cm.  </subfield>
  </datafield>
  <datafield tag="504" ind1=" " ind2=" ">
    <subfield code="a">Incluye bibliograf&#xED;a : p. 264-296 e &#xED;ndice </subfield>
  </datafield>
  <datafield tag="650" ind1=" " ind2="7">
    <subfield code="2">lemb</subfield>
    <subfield code="a">Tierras </subfield>
    <subfield code="x">Tenencia </subfield>
    <subfield code="z">Taret&#xE1;n, Michoac&#xE1;n de Ocampo (M&#xE9;xico)</subfield>
  </datafield>
  <datafield tag="650" ind1=" " ind2="7">
    <subfield code="2">lemb</subfield>
    <subfield code="a">Haciendas </subfield>
    <subfield code="x">Historia</subfield>
    <subfield code="y">Siglo XIX-XX</subfield>
    <subfield code="z">Taret&#xE1;n, Michoac&#xE1;n de Ocampo (M&#xE9;xico)</subfield>
  </datafield>
  <datafield tag="650" ind1=" " ind2="7">
    <subfield code="2">lemb</subfield>
    <subfield code="a">Ejidos </subfield>
    <subfield code="x">Historia</subfield>
    <subfield code="y">Siglo XIX-XX</subfield>
    <subfield code="z">Taret&#xE1;n, Michoac&#xE1;n de Ocampo (M&#xE9;xico)</subfield>
  </datafield>
  <datafield tag="650" ind1=" " ind2="7">
    <subfield code="2">lemb</subfield>
    <subfield code="a">Reforma agraria  </subfield>
    <subfield code="y">Siglo XIX-XX</subfield>
    <subfield code="z">Taret&#xE1;n, Michoac&#xE1;n de Ocampo, (M&#xE9;xico)</subfield>
  </datafield>
  <datafield tag="650" ind1=" " ind2="7">
    <subfield code="2">lemb</subfield>
    <subfield code="a">Industria azucarera </subfield>
    <subfield code="x">Historia</subfield>
    <subfield code="y">Siglo XIX-XX</subfield>
    <subfield code="z">Taret&#xE1;n, Michoac&#xE1;n de Ocampo, (M&#xE9;xico)</subfield>
  </datafield>
  <datafield tag="651" ind1=" " ind2="7">
    <subfield code="2">lemb</subfield>
    <subfield code="a">Taret&#xE1;n  (Michoac&#xE1;n de Ocampo) </subfield>
    <subfield code="z">M&#xE9;xico</subfield>
    <subfield code="x">Pol&#xED;tica y gobierno </subfield>
  </datafield>
  <datafield tag="710" ind1=" " ind2="1">
    <subfield code="a">M&#xE9;xico. </subfield>
    <subfield code="b">Gobierno del Estado de Michoac&#xE1;n</subfield>
  </datafield>
  <datafield tag="942" ind1=" " ind2=" ">
    <subfield code="2">lcc</subfield>
    <subfield code="c">LIB</subfield>
  </datafield>
  <datafield tag="999" ind1=" " ind2=" ">
    <subfield code="c">42706</subfield>
    <subfield code="d">42706</subfield>
  </datafield>
  <datafield tag="952" ind1=" " ind2=" ">
    <subfield code="1">0</subfield>
    <subfield code="2">lcc</subfield>
    <subfield code="4">0</subfield>
    <subfield code="7">0</subfield>
    <subfield code="a">INV-033</subfield>
    <subfield code="b">INV-033</subfield>
    <subfield code="c">FM</subfield>
    <subfield code="d">2013-10-08</subfield>
    <subfield code="f">1a ed.</subfield>
    <subfield code="i">H</subfield>
    <subfield code="k">CSA</subfield>
    <subfield code="o">F1306 .9 .T37 S24 &#xA9;1989</subfield>
    <subfield code="p">IIH000010440</subfield>
    <subfield code="r">2013-10-08 00:00:00</subfield>
    <subfield code="t">C:1</subfield>
    <subfield code="v">1.00</subfield>
    <subfield code="y">LIB</subfield>
  </datafield>
  <datafield tag="952" ind1=" " ind2=" ">
    <subfield code="1">0</subfield>
    <subfield code="2">lcc</subfield>
    <subfield code="4">0</subfield>
    <subfield code="7">8</subfield>
    <subfield code="a">LIC-029</subfield>
    <subfield code="b">LIC-029</subfield>
    <subfield code="c">GENERAL</subfield>
    <subfield code="d">2025-09-29</subfield>
    <subfield code="e">DON</subfield>
    <subfield code="f">1a ed.</subfield>
    <subfield code="i">CEA</subfield>
    <subfield code="k">CSA</subfield>
    <subfield code="l">0</subfield>
    <subfield code="o">HD1761 S25 1989</subfield>
    <subfield code="p">BFE000011700</subfield>
    <subfield code="r">2025-10-01 13:16:41</subfield>
    <subfield code="t">1</subfield>
    <subfield code="v">1.00</subfield>
    <subfield code="y">LIB</subfield>
  </datafield>
  <datafield tag="952" ind1=" " ind2=" ">
    <subfield code="1">0</subfield>
    <subfield code="2">lcc</subfield>
    <subfield code="4">0</subfield>
    <subfield code="7">0</subfield>
    <subfield code="a">LIC-029</subfield>
    <subfield code="b">LIC-029</subfield>
    <subfield code="c">GENERAL</subfield>
    <subfield code="d">2025-09-29</subfield>
    <subfield code="e">DON</subfield>
    <subfield code="f">1a ed.</subfield>
    <subfield code="i">CEA</subfield>
    <subfield code="k">CSA</subfield>
    <subfield code="l">0</subfield>
    <subfield code="o">HD1761 S25 1989</subfield>
    <subfield code="p">BFE000012301</subfield>
    <subfield code="r">2025-10-01 13:16:41</subfield>
    <subfield code="t">2</subfield>
    <subfield code="v">1.00</subfield>
    <subfield code="y">LIB</subfield>
  </datafield>
</record>
